000 00730nam a2200253Ia 4500
003 OSt
005 20220926015013.0
006 a|||||r|||| 00| 0
007 ta
008 220923b |||||||| |||| 00| 0 eng d
020 _a0870145002
037 _cGeneral Book
040 _aRTL
_cRTL
_beng
041 _2eng
_aeng
082 _aX:540j77.4953.N7, L5
100 _aFrank Charles R.
_9128040
245 0 _aForeign trade regimes and economics development
260 _aNew York
_bNBER
_c1975
300 _axxii, 264p. Bib p 249-57
_ccm.
650 _a Economics
650 _aInternational Trade
942 _hX:540j77.4953.N7, L5
_cGB
_2CC
999 _c630353
_d630353